De profundis : il dolore come rivelazione /
Guardat en:
| Autor principal: | |
|---|---|
| Altres autors: | |
| Format: | Llibre |
| Idioma: | italià |
| Publicat: |
Colognola ai Colli :
Demetra,
1997
|
| Col·lecció: | Acquarelli ;
152 |
| Etiquetes: |
Sense etiquetes, Sigues el primer a etiquetar aquest registre!
|
MARC
| LEADER | 00000nam a22000007i 4500 | ||
|---|---|---|---|
| 001 | IT\ICCU\REA\0039936 | ||
| 003 | ItRI | ||
| 005 | 20250105184026.0 | ||
| 008 | 971010s1997 it |||||| ||||| |||||c | ||
| 015 | |2 IT |a 8844001760 | ||
| 020 | |z 8844011782 | ||
| 040 | |b ita |c Arcigay Genova | ||
| 041 | 7 | |a ita |2 ISO-639-2 | |
| 100 | 1 | |a Wilde, Oscar |0 IT\ICCU\CFIV\000261 |4 aut | |
| 240 | 1 | 0 | |a Epistula : in Carcere et Vinculis. |9 Wilde, Oscar |
| 245 | 1 | 0 | |a De profundis : |b il dolore come rivelazione / |c di Oscar Wilde ; traduzione e presentazione di Nicoletta Della Casa Porta. |
| 260 | |a Colognola ai Colli : |b Demetra, |c 1997 | ||
| 300 | |a 157 p. ; |c 20 cm | ||
| 700 | 1 | |a Della Casa Porta, Nicoletta |0 IT\ICCU\VIAV\097204 | |
| 830 | 0 | |a Acquarelli ; |v 152 |0 IT\ICCU\RAV\0228314 | |
| 942 | |2 ddc |c BK | ||
| 952 | |0 0 |1 0 |2 ddc |4 0 |6 823_800000000000000_WIL_DEP |7 1 |9 2773 |a GE |b GE |d 2025-01-05 |l 0 |o 823.8 WIL DEP |p 1367 |r 2025-01-05 18:36:08 |w 2025-01-05 |x Donazione di Alvaro Bazzano |y BK |z Donazione AB | ||
| 981 | 1 | |6 z01 |a i |b xxxe | |
| 982 | 1 | |6 z01 |a n | |
| 999 | |c 2391 |d 2391 | ||